Filozofický slovník
Gespeichert in:
| Format: | Buch |
|---|---|
| Sprache: | Slowakisch |
| Veröffentlicht: |
Bratislava
Pravda
1989
|
| Ausgabe: | 4. dopln. a preprac. vyd. |
| Tags: |
Keine Tags, Fügen Sie das erste Tag hinzu!
|
MARC
| LEADER | 00000nam a2200000 4500 | ||
|---|---|---|---|
| 001 | c035760 | ||
| 005 | 20250127100646.4 | ||
| 041 | 0 | |a slo | |
| 044 | |a SK | ||
| 245 | 1 | 0 | |a Filozofický slovník |c [Z rus. prel.] Vladimír Biľo |
| 250 | |a 4. dopln. a preprac. vyd. | ||
| 264 | 1 | |a Bratislava |b Pravda |c 1989 | |
| 300 | |a 611 s. | ||